000 00597cam a22002172a 4500
001 025985
003 AR-FADEU
008 311216n2015####xxu####################dd
020 _a978-950-23-2491-3
092 _aD341.1
_bB931a
100 _aBuis, Emiliano J.
245 _aLa súplica de eris : derecho internacional, discurso normativo y restricciones de la guerra en la antigua Grecia
260 _aBuenos Aires
260 _bEudeba
260 _c2015
300 _a342 p
440 _aTextos
500 _aIncluye bibliografía
650 _aDERECHO INTERNACIONAL
942 _cBDGR
999 _c31669
_d31669